000 00879nam a2200217Ia 4500
005 20251024145122.0
100 _aNarayanan C
245 0 _aHevea disease resistance breeding: Initial results on yield performance and disease resistance of segregating population
260 _bNatural Rubber Industry: An Asset for Socio-economic development and preservation of the Environment: Proceedings of the International Rubber Conference, IRC 2018, 22-23 October 2018, International Rubber Research and Development Board, Abidjan, Cote D' Ivoire, pp. 41-50.
650 _aColletotrichum
650 _aCorynespora
650 _aDisease resistance breeding
650 _aHevea clones
650 _aIntegrated disease management
650 _aMicrocyclus ulei
650 _aPhytophthora
650 _aWild germplasm
700 _aMydin K.K
700 _aPhilip S
942 _cBS
999 _c49253
_d49253